Airline Logos #1 - Statistics

General Stats
  • This quiz has been taken 505 times
  • The average score is 12 of 16
Answer Stats
Picture Answer % Correct
Qantas
91%
Lufthansa
88%
American Airlines
85%
British Airways
81%
Japan Airlines
81%
KLM
81%
Korean Air
80%
United Airlines
78%
Air New Zealand
77%
Thai Airways
77%
Emirates
75%
Singapore Airlines
73%
Delta Airlines
71%
South African Airways
69%
Malaysian Airlines
54%
Air India
52%
No matching quizzes found
Score Distribution
Percent of People with Each Score
Percentile by Number Answered
Your Score History
You have not taken this quiz